000 00229nam a2200097Ia 4500
008 240331s9999 xx 000 0 und d
082 _bMEE
100 _aMeenachchi,Y
245 0 _aIndiyarkaladu elangai valkayin nelaimai
942 _cL
999 _c4767
_d4767